Proud

Bibliographic Details
Main Author: Medina, Sarah
Other Authors: Brooker, Jo
Format: Book
Published: Chicago : Heinemann Library , 2007
Series:Feelings
Subjects:

MARC

LEADER 00000cam a2200000 7i4500
001 0000158820
005 20120620.0
020 |a 1403492964 
020 |a 9781403492968 
090 0 0 |a JF   |b MED 
100 1 |a Medina, Sarah 
245 1 0 |a Proud   |c Sarah Medina ; illustrated by Jo Brooker 
260 |a Chicago :   |b Heinemann Library ,   |c 2007 
300 |a 24 p. :   |b ill. ;   |c 23 cm. 
490 0 |a Feelings 
650 0 0 |a Children's stories 
700 1 |a Brooker, Jo 
999 |a 00254682   |b BUKU   |c PINJAMAN   |e PERPUSTAKAAN KOMUNITI PETALING JAYA